000 00335nam a2200097Ia 4500
005 20250424112841.0
008 250424s9999 xx 000 0 und d
300 _aVI, 144 P. :ill. ; 24 cm.
650 _a Library science--Developing countries. Information science--Developing countries. Libraries--Developing countries.
942 _cSR
999 _c37491
_d37491